Nasser's Egypt. (Record no. 12459)

MARC details
000 -LEADER
fixed length control field 00482nam a22001812 4500
001 - CONTROL NUMBER
control field 0000000955
005 - DATE AND TIME OF LATEST TRANSACTION
control field 20151217155806.0
008 - FIXED-LENGTH DATA ELEMENTS--GENERAL INFORMATION
fixed length control field 070222s xx 000 0 eng d
040 ## - CATALOGING SOURCE
Original cataloging agency KABU
Transcribing agency KABU
050 #0 - LIBRARY OF CONGRESS CALL NUMBER
Classification number DT107.83
Item number .M36
100 1# - MAIN ENTRY--PERSONAL NAME
Personal name Mansfield, Peter.
-- 0000149404
245 10 - TITLE STATEMENT
Title Nasser's Egypt.
260 ## - PUBLICATION, DISTRIBUTION, ETC. (IMPRINT)
Place of publication, distribution, etc. Harmondsworth, England :
Name of publisher, distributor, etc. Penguin,
Date of publication, distribution, etc. 1965.
300 ## - PHYSICAL DESCRIPTION
Extent 221 p.
908 ## - PUT COMMAND PARAMETER (RLIN)
Put command parameter 070222
950 ## - LOCAL HOLDINGS (RLIN)
-- 1
Holdings
Withdrawn status Lost status Source of classification or shelving scheme Not for loan Home library Current library Date acquired Total Checkouts Full call number Barcode Date last seen Price effective from Koha item type
    Library of Congress Classification   Kabarak, Main Campus Kabarak, Main Campus 17/12/2015   DT107.83 .M36 006428 17/12/2015 17/12/2015 Africana Collection
Designed with assistance from East African Informatics Ltd